000 00674nam a2200217Ii 4500
003 JO-AjNU
008 230605s9999||||xx |||||||||||||| ||und||
017 _a1982/3635
020 _a977-01-0101
040 _aJO-AjNU
_bara
_erda
_cJO-AjNU
041 _aara
050 1 4 _aPJ7862.H68.A82 1982
100 3 _aتأليف شوقي، أحمد,
_eauthor
_945346
245 0 0 _aعنترة
264 3 1 _aالقاهرة: الهيئة المصرية العامة للكتاب ، 1982
300 _a104ص
336 _atext
_btxt
_2rdacontent
337 _aunmediated
_bn
_2rdamedia
338 _avolume
_bnc
_2rdacarrier
650 4 _aالأدب العربي - روايات
_945347
999 _aA19649
_c23217
_d23217